Conciencia y misión de Iglesia : (Record n. 7317)

Dettagli MARC
000 -LEADER
fixed length control field 01148nam a2200289 i 4500
003 - CONTROL NUMBER IDENTIFIER
control field IT-RoINE
005 - DATE AND TIME OF LATEST TRANSACTION
control field 20220608083451.0
008 - FIXED-LENGTH DATA ELEMENTS--GENERAL INFORMATION
fixed length control field 030704s1996 sp r 001 0 spa d
020 ## - INTERNATIONAL STANDARD BOOK NUMBER
International Standard Book Number 8479142162
040 ## - CATALOGING SOURCE
Original cataloging agency UPSA
Transcribing agency esslup IT-RoINE
Modifying agency IT-RoINE
100 1# - MAIN ENTRY--PERSONAL NAME
Personal name Chica Arellano, Fernando,
Dates associated with a name 1963-
9 (RLIN) 4608
245 13 - TITLE STATEMENT
Title Conciencia y misión de Iglesia :
Remainder of title núcleos eclesiológicos en los Documentos de la Conferencia Episcopal Española (1966-1990) /
Statement of responsibility, etc Fernando Chica Arellano ; presentación de Elias Yanes.
260 ## - PUBLICATION, DISTRIBUTION, ETC. (IMPRINT)
Place of publication, distribution, etc Madrid :
Name of publisher, distributor, etc Biblioteca de Autores Cristianos,
Date of publication, distribution, etc 1996.
300 ## - PHYSICAL DESCRIPTION
Extent LXVIII, 601 p. ;
Dimensions 20 cm.
336 ## - CONTENT TYPE
Source rdacontent
Content type term text
337 ## - MEDIA TYPE
Source rdamedia
Media type term unmediated
338 ## - CARRIER TYPE
Source rdacarrier
Carrier type term volume
490 1# - SERIES STATEMENT
Series statement Biblioteca de Autores Cristianos ;
Volume number/sequential designation 559.
500 ## - GENERAL NOTE
General note Incluye índice.
500 ## - GENERAL NOTE
General note Incluye apéndice documental.
504 ## - BIBLIOGRAPHY, ETC. NOTE
Bibliography, etc Bibliografía: p. [XXI]-XXXVII.
610 20 - SUBJECT ADDED ENTRY--CORPORATE NAME
Corporate name or jurisdiction name as entry element Conferencia Episcopal Española (Madrid, España)
9 (RLIN) 4394
650 #4 - SUBJECT ADDED ENTRY--TOPICAL TERM
9 (RLIN) 2553
Topical term or geographic name as entry element Evangelización
700 1# - ADDED ENTRY--PERSONAL NAME
9 (RLIN) 2603
Personal name Yanes Álvarez, Elías,
Titles and other words associated with a name Arzobispo de Zaragoza,
Dates associated with a name 1928-
830 #0 - SERIES ADDED ENTRY--UNIFORM TITLE
9 (RLIN) 843
Uniform title Biblioteca de Autores Cristianos
942 ## - ADDED ENTRY ELEMENTS (KOHA)
Item type Monografías
Dati di copia
Withdrawn status Lost status Damaged status Not for loan Home library Current library Date acquired Total Checkouts Full call number Barcode Date last seen Price effective from Koha item type Public note
        Iglesia Nacional Española en Roma Iglesia Nacional Española en Roma 15/12/2014   COL.A 16.559 9793 13/01/2015 15/12/2014 Monografías Dedica autógr. del autor.